| 000 | 01238nam a2200325 i 4500 | ||
|---|---|---|---|
| 003 | DO-SdBNP | ||
| 005 | 20240515152541.0 | ||
| 007 | ta | ||
| 008 | 190304t2003 dr 000 e spa d | ||
| 020 | _a959010505X | ||
| 040 |
_aDO-SdBNP _bspa _cBNPHU _erda |
||
| 082 | 4 |
_a923.5 _bC796m _222 |
|
| 100 |
_aCordoví Núñez, Yoel, _96654 _eautor |
||
| 245 | 1 | 0 |
_aMáximo Gómez : _butopía y realidad de una República / _cYoel Cordoví Núñez ; edición, Rosa Alfonso, Bárbara Castillo ; corrección, Ana María Rebollo, Libian García. |
| 264 | 4 |
_aLa Habana, Cuba : _bPolítica. _c2003. |
|
| 300 |
_a268 páginas ; _c20 cm. |
||
| 336 |
_2rdacontent _atexto _btxt |
||
| 337 |
_2rdamedia _asin mediación _bn |
||
| 338 |
_2rdacarrier _avolumen _bnc |
||
| 500 | _aIncluye referencias bibiográficas y notas al pie de las páginas | ||
| 504 | _aBibliografía : páginas 259 - 266 | ||
| 590 | _aInventariado, 2024 / BT | ||
| 600 | 1 | 4 |
_aGómez, Máximo, _d1836-1905, _xVida militar _981639 |
| 700 | 1 |
_aAlfonso, Rosa, _eedición _96222 |
|
| 700 | 1 |
_aCastillo, Bárbara, _eedición _985480 |
|
| 700 | 1 |
_aGarcía, Libian, _ecorrección _981641 |
|
| 700 | 1 |
_aRebollo, Ana María, _ecorrección _985481 |
|
| 910 | _aBtavárez | ||
| 942 |
_2ddc _cLBS1 |
||
| 999 |
_c56677 _d56677 |
||